Miasta z tramwajami - Statystyki

Ogólne statystyki
  • Ten quiz został rozwiązany 6 954 razy
  • Średni wynik to 18 z 31
Statystyki odpowiedzi
Miasto Liczba mieszkańców % Poprawnych
Warszawa 1 861 599
99%
Gdańsk 487 371
96%
Kraków 806 201
95%
Wrocław 673 743
94%
Katowice 279 190
91%
Poznań 538 439
91%
Łódź 652 015
88%
Szczecin 389 066
88%
Bydgoszcz 326 434
83%
Toruń 194 771
82%
Olsztyn 167 311
72%
Gliwice 169 915
68%
Sosnowiec 187 115
65%
Zabrze 153 838
64%
Częstochowa 205 969
63%
Gorzów Wielkopolski 115 247
63%
Chorzów 100 593
61%
Bytom 147 759
60%
Dąbrowa Górnicza 113 460
47%
Elbląg 112 923
46%
Ruda Śląska 130 302
43%
Grudziądz 88 658
38%
Siemianowice Śląskie 63 401
34%
Zgierz 53 543
33%
Mysłowice 71 280
32%
Będzin 53 848
31%
Świętochłowice 45 434
30%
Pabianice 60 598
29%
Czeladź 29 876
19%
Konstantynów Łódzki 19 305
12%
Ksawerów 7 704 (wieś)
6%
Nie znaleziono quizów pasujących do podanych kryteriów
Rozkład punktacji
Procent ludzi z każdym wynikiem
Percentyl według liczby udzielonych odpowiedzi
Twoja historia wyników
Nie rozwiązałeś tego quizu